Opticks: or a treatise of the reflections, refractions, inflections and colours of light

Uloženo v:
Podrobná bibliografie
Hlavní autor: Newton, Isaac (Autor)
Médium: Kniha
Jazyk:angličtina
Vydáno: Nueva York Dover 1952
Témata:
Tagy: Přidat tag
Žádné tagy, Buďte první, kdo vytvoří štítek k tomuto záznamu!

MARC

LEADER 00000nam a2200000 a 4500
001 UCH3290
003 CL-VaPUC
005 20250203115056.0
008 090723e19520000US |||||||||||||||||eng|d
999 |c 334907  |d 334905 
040 |c Pontificia Universidad Católica de Valparaíso 
082 0 4 |a 535.2  |b NEW  |2 21 
100 1 |a Newton, Isaac  |e author  |9 875659 
245 1 0 |a Opticks: or a treatise of the reflections, refractions, inflections and colours of light 
260 |a Nueva York  |b Dover  |c 1952 
300 |a 406 p 
583 |a last modification  |c 20090723 00:00:00  |k Rodrigo Vera 
650 7 |a OPTICA FISICA  |2 CL-VaPUC  |9 271669 
650 0 |a Colores  |9 268982 
650 0 |a Luz  |9 263172 
650 7 |a REFRACCION DE LA LUZ  |2 CL-VaPUC  |9 355380 
650 7 |a INFLEXIONES DE LA LUZ  |2 CL-VaPUC  |9 355381 
942 |c BK  |2 ddc 
945 |d 20090723 00:00:00  |a rbrito 
952 |0 0  |1 0  |4 0  |6 535_200000000000000_NEW_1952  |7 0  |8 A  |9 424198  |a BIBCUR  |b BIBCUR  |d 2019-11-22  |i 4528255  |o 535.2 NEW 1952  |p 4528255  |r 2025-04-22  |w 2019-11-22  |y BK  |k FIS